000 00423nam a2200145Ia 4500
008 100204s9999 xx 000 0 und d
082 _b9449
100 _aथोरे अशोक श्रीधर
245 _aबेछूट
260 _b"उदयदीप प्रकाशन , मुंबई"
_c1987
300 _a192
630 _aबेछूट
730 _aबेछूट
942 _cBOOK
999 _c453885
_d453882